000 00928cam a2200277 i 4500
001 17701172
003 OSt
005 20260219063006.0
008 130417s2012 enk b 001 0 eng
010 _a 2012533404
020 _a9780199606412
040 _aDLC
_beng
_cDLC
_erda
_dDLC
042 _apcc
082 _a320 BEV
100 1 _aBevir, Mark
245 1 0 _aGovernance :
_ba very short introduction /
_cMark Bevir
250 _aFirst edition.
264 1 _aOxford :
_bOxford University Press,
_c2012.
300 _a132 p. ;
_c18 cm.
490 0 _aVery short introductions
505 _aList of abbreviations 1. What is governance? 2. Organizational governance 3. Corporate governance 4. Public governance 5. Global governance 6. Good Governance Further reading Index
650 _aGovernance
906 _a0
_bibc
_corignew
_d2
_encip
_f20
_gy-gencatlg
942 _2ddc
_cBK
999 _c115533
_d115533